| 000 | 00826nam a2200229 u 4500 | ||
|---|---|---|---|
| 005 | 20250408063819.0 | ||
| 008 | 160804s2015 mx r 000 0 spa d | ||
| 020 | _a9786078406531 (Planeta) | ||
| 020 | _a9786070263972 (UNAM) | ||
| 035 | _aUPN01000212089 | ||
| 049 | _aCG | ||
| 050 | 4 |
_aHF1482.5 N7 _bG8.8 |
|
| 100 | 1 | _aGutiérrez Haces, María Teresa | |
| 245 | 1 | 4 |
_aLos vecinos del vecino : _bla continentalización de México y Canadá en América del Norte / _cMaría Teresa Gutiérrez-Haces. |
| 260 |
_aMéxico : _bUNAM : _bAriel, _c2015. |
||
| 300 | _a621 p. | ||
| 651 | 4 |
_aMEXICO - _xRELACIONES ECONOMICAS EXTRANJERAS - _zAMERICA DEL NORTE _918565 |
|
| 651 | 4 |
_aCANADA - _xRELACIONES ECONOMICAS EXTRANJERAS - _zMEXICO _925991 |
|
| 650 | 4 |
_aRelaciones internacionales _914390 |
|
| 905 | _aLibro | ||
| 999 |
_c184189 _d184189 |
||